| 000 | 01433cam a2200241 4500 | ||
|---|---|---|---|
| 001 | ##L131853 | ||
| 008 | 051213n2005 000 0 eng u | ||
| 035 | _a(Sirsi) u131853 | ||
| 041 | 0 | _aeng | |
| 050 | 0 | 4 | _a306.025 $2 18 |
| 110 | 1 |
_aUnited Kingdom _bOffice of the Deputy Prime Minister |
|
| 245 | 0 | 0 |
_aConsultation on a new Planning Policy Statement 3 (PPS3) _bhousing |
| 260 |
_aLondon _bODPM _c2005 |
||
| 520 | _aThis consultation paper seeks comments on a draft planning policy statement three: "Housing" which together with accompanying guidance (currently being drafted) will in due course replace Planning Policy Guidance Note 3: "Housing" and Planning Circular 6/98 "Planning and affordable housing" (ISBN 0117534625). The purpose of this draft PPS is to provide a national policy framework for planning for housing. It sets out what is required at regional and local levels to deliver housing within sustainable communities. Responses are invited by 27 February 2006. | ||
| 590 | _aIKA030106 | ||
| 650 | 2 | 4 | _aPLANNING POLICY STATEMENT 3 |
| 650 | 2 | 4 | _aPPG3 |
| 650 | 2 | 4 | _aDETR CIRCULAR 06/1998 |
| 650 |
_aAffordable housing _96215 |
||
| 690 | _aENVIRONMENTAL AND LAND CONSULTANCY-PLANNING AND DEVELOPMENT-PLANNING GUIDANCE | ||
| 856 | 4 | 0 |
_uhttps://www.communities.gov.uk/archived/publications/planningandbuilding/consultationpaper _zView the consultation free of charge at www.communities.gov.uk... |
| 942 | _n0 | ||
| 999 |
_c104874 _d104874 |
||